Land and social power relations in Bihar: Tale of two villages (Record no. 522555)

000 -LEADER
fixed length control field 01669nam a22001577a 4500
008 - FIXED-LENGTH DATA ELEMENTS--GENERAL INFORMATION
fixed length control field 230421b ||||| |||| 00| 0 eng d
100 ## - MAIN ENTRY--PERSONAL NAME
Personal name Mishra, Rapti
245 ## - TITLE STATEMENT
Title Land and social power relations in Bihar: Tale of two villages
260 ## - PUBLICATION, DISTRIBUTION, ETC. (IMPRINT)
Place of publication, distribution, etc Indian Journal of Public Administration
300 ## - PHYSICAL DESCRIPTION
Extent 69(1), Mar, 2023: p.176-187
520 ## - SUMMARY, ETC.
Summary, etc There is a complex relationship between land and the network of social power in Bihar, which cannot be comprehended by a single lens. This article argues that depending upon the historical and local contexts of a place, various patterns of social power configurations evolve, which present an opportunity for theorists to move beyond the established set of narrations and broaden their lenses, thereby challenging the conformity and reposing trust in variations based on day-to-day experiences. To highlight this varied pattern of complex relations between the network of social power and its historical linkages, the article tries to look into the local narratives of land relations of two villages of Samastipur district in Bihar, namely Shri Kameshwar Nagar and Banda. Through critical discourse analysis (CDA), the article attempts to illustrate that the shifting politico-economic status is intrinsically related to complex land relations, which, in turn, reinforces and perpetuates social inequality in various ways, and therefore, there is a need to have greater insight on the local histories of the land-relations.- Reproduced
650 ## - SUBJECT ADDED ENTRY--TOPICAL TERM
Topical term or geographic name as entry element Bihar Land, Bonded labour, Social power, Local narrative.
9 (RLIN) 37824
773 ## - HOST ITEM ENTRY
Main entry heading Indian Journal of Public Administration
906 ## - LOCAL DATA ELEMENT F, LDF (RLIN)
Subject DIP SOCIAL POWER
942 ## - ADDED ENTRY ELEMENTS (KOHA)
Item type Articles
Holdings
Withdrawn status Lost status Source of classification or shelving scheme Damaged status Not for loan Permanent location Current location Date acquired Serial Enumeration / chronology Barcode Date last seen Koha item type
          Indian Institute of Public Administration Indian Institute of Public Administration 2023-04-21 69(1), Mar, 2023: p.176-187 AR128685 2023-04-21 Articles

Powered by Koha